<?xml version="1.0" encoding="UTF-8"?>
<record
    xmlns:xsi="http://www.w3.org/2001/XMLSchema-instance"
    xsi:schemaLocation="http://www.loc.gov/MARC21/slim http://www.loc.gov/standards/marcxml/schema/MARC21slim.xsd"
    xmlns="http://www.loc.gov/MARC21/slim">

  <leader>00385nam a22001097a 4500</leader>
  <controlfield tag="008">150619t        xxu||||| |||| 00| 0 eng d</controlfield>
  <datafield tag="100" ind1=" " ind2=" ">
    <subfield code="a">Saleha Resham-Sup-Dr. Sobia Manzoor</subfield>
    <subfield code="9">1005</subfield>
  </datafield>
  <datafield tag="245" ind1=" " ind2=" ">
    <subfield code="a">TH-BS-Correlation of interleukin 28A espression levels and sustained virological response in chronic HCV patients</subfield>
    <subfield code="h">Thesis</subfield>
  </datafield>
  <datafield tag="260" ind1=" " ind2=" ">
    <subfield code="a">NUST ISLAMABAD</subfield>
    <subfield code="b">ASAB NUST</subfield>
  </datafield>
  <datafield tag="300" ind1=" " ind2=" ">
    <subfield code="a">85</subfield>
  </datafield>
  <datafield tag="942" ind1=" " ind2=" ">
    <subfield code="2">ddc</subfield>
    <subfield code="c">CR</subfield>
  </datafield>
  <datafield tag="999" ind1=" " ind2=" ">
    <subfield code="c">17274</subfield>
    <subfield code="d">17274</subfield>
  </datafield>
  <datafield tag="952" ind1=" " ind2=" ">
    <subfield code="0">0</subfield>
    <subfield code="1">0</subfield>
    <subfield code="2">ddc</subfield>
    <subfield code="4">0</subfield>
    <subfield code="7">0</subfield>
    <subfield code="a">ASAB</subfield>
    <subfield code="b">ASAB</subfield>
    <subfield code="d">2015-06-19</subfield>
    <subfield code="l">0</subfield>
    <subfield code="o">Thesis Saleha Resham 2013</subfield>
    <subfield code="p">ASAB BS-21 (13)</subfield>
    <subfield code="r">2015-06-19</subfield>
    <subfield code="w">2015-06-19</subfield>
    <subfield code="y">REF</subfield>
  </datafield>
</record>
